000 00712nam a2200289Ia 4500
005 20260324143236.0
008 008 260324s9999 xx 000 0 eng d
020 _a9781351077064
037 _aEBOOK
040 _aCRL
040 _beng
040 _cCRL
041 _2eng
041 _aeng
084 _qCRL
100 _aYukio Imanishi
_91214922
245 0 _aSynthesis of Biocomposite Materials
245 0 _bChemical and Biological Modifications of Natural Polymers
260 _bTaylor and Francis
260 _c1992
365 _a
365 _b435
856 _uhttp://www.taylorfrancis.com/books/9781351077064
942 _cEBOOK
999 _c1820066
_d1820066